00851nam a2200241 i 4500001001000000003000900010005001700019007000300036008004100039020001500080040003000095041000800125082002200133245003800155264003100193300004600224336002700270337003300297338002800330500017700358650003600535650003800571000021641DO-SdBNP20250319122211.0ta100909s2002 sp a 000 0 spa d a848055360X aDO-SdBNPbspacBNPHUerda aspa 4a382.03bD545c22200aDiccionario de comercio exterior. 4aMadrid :bCultural,c2002. a399 páginas :bilustracciones ;c28 cm. atextobtxt2rdacontent asin mediaciónbn2rdamedia avolumenbnc2rdacarrier aIntenta ayudar al lector en su andadura profesional en el campo de las instituciones, marketing, finanzas, informática y voces habituales en los negocios internacionales. 4aComercio exteriorvDiccionarios 4aComercio exteriorvTerminología